International Communication (Record no. 6873)

MARC details
005 - DATE AND TIME OF LATEST TRANSACTION
control field 20260429094607.0
020 ## - INTERNATIONAL STANDARD BOOK NUMBER
International Standard Book Number 9788775658205
100 ## - MAIN ENTRY--PERSONAL NAME
Author name KING,P
245 ## - TITLE STATEMENT
Title International Communication
260 ## - PUBLICATION, DISTRIBUTION, ETC.
Place of publication, distribution, etc. UNITED STATES
Name of publisher, distributor, etc. PatrickingConsulting.com
Date of publication, distribution, etc. 2026
300 ## - PHYSICAL DESCRIPTION
Extent 173p:
Dimensions 20.4cm
942 ## - ADDED ENTRY ELEMENTS (KOHA)
Source of classification or shelving scheme Dewey Decimal Classification
Koha item type Books
Holdings
Date last seen Total checkouts Full call number Barcode Cost, replacement price Price effective from Koha item type Lost status Source of classification or shelving scheme Damaged status Not for loan Withdrawn status Home library Current library Shelving location Date acquired Source of acquisition Cost, normal purchase price
04/29/2026   428.3 KIN MBY0001183 175812.00 04/29/2026 Books   Dewey Decimal Classification       CBE MBEYA CBE MBEYA Special Reserve Collection 04/27/2026 PURCHASE 58604.00
04/29/2026   428.3 KIN MBY0001184 175812.00 04/29/2026 Books   Dewey Decimal Classification       CBE MBEYA CBE MBEYA General Collection 04/27/2026 PURCHASE 58604.00
04/29/2026   428.3 KIN MBY0001185 175812.00 04/29/2026 Books   Dewey Decimal Classification       CBE MBEYA CBE MBEYA General Collection 04/27/2026 PURCHASE 58604.00